[Event "CRO-chT2 North (Women)"]
[Site "Vinkovci"]
[Date "2011.08.26"]
[Round "2.24"]
[White "Neferanovic, Irena"]
[Black "Rozic, Lucija"]
[Result "0-1"]
[WhiteElo "1689"]
[BlackElo "1614"]
[PlyCount "70"]
[EventDate "2011.08.26"]
[EventType "team-tourn"]
[EventRounds "5"]
[EventCountry "CRO"]
[SourceTitle "CBM 144 Extra"]
[Source "ChessBase"]
[SourceDate "2011.10.28"]
[SourceVersion "1"]
[SourceVersionDate "2011.10.28"]
[SourceQuality "1"]
[WhiteTeam "Djakovo Dama (W)"]
[BlackTeam "Petrinja Mladost (W)"]
[WhiteTeamCountry "CRO"]
[BlackTeamCountry "CRO"]

1. e4 d6 2. d4 Nf6 3. Nc3 g6 4. Nf3 Bg7 5. Bc4 0-0 6. 0-0 c6 7. e5 dxe5 8. dxe5 Ng4 9. Bf4 Nd7 10. e6 fxe6 11. Bxe6+ Kh8 12. Ng5 Nge5 13. Bxe5 Nxe5 14. Qxd8 Rxd8 15. f4 h6 16. fxe5 hxg5 17. Bf7 Bf5 18. Rae1 Bxc2 19. b3 Bf5 20. Re3 e6 21. g4 Bxg4 22. Bxg6 Rf8 23. Ne2 Rxf1+ 24. Kxf1 Rf8+ 25. Kg2 Bf5 26. Bh5 Rd8 27. Nc3 Rd2+ 28. Kg3 Bxe5+ 29. Rxe5 Rd3+ 30. Kf2 Rxc3 31. Re2 Rh3 32. Bf3 Rxh2+ 33. Bg2 Kg7 34. Rd2 Kf6 35. Rd7 Be4 0-1

[Event "CRO-chT2 (Women)"]
[Site "Nasice"]
[Date "2009.08.27"]
[Round "1"]
[White "Neferanovic, Irena"]
[Black "Grgic, Neomi"]
[Result "1-0"]
[WhiteElo "1686"]
[BlackElo "1656"]
[PlyCount "87"]
[EventDate "2009.08.27"]
[EventType "team-tourn"]
[EventRounds "7"]
[EventCountry "CRO"]
[SourceTitle "EXT 2010"]
[Source "ChessBase"]
[SourceDate "2010.11.25"]
[SourceVersion "1"]
[SourceVersionDate "2010.11.25"]
[SourceQuality "1"]

1. d4 d5 2. Bf4 c5 3. e3 Bf5 4. Nc3 e6 5. Nf3 Nf6 6. Bd3 Bg4 7. h3 Bh5 8. 0-0 Nc6 9. Be2 Be7 10. Re1 0-0 11. Ne5 Bxe2 12. Nxe2 Qb6 13. b3 Rac8 14. Rc1 cxd4 15. Nxd4 Ba3 16. Ndxc6 bxc6 17. Rb1 Bb4 18. Re2 Bc3 19. Qd3 Bxe5 20. Bxe5 Nd7 21. Bg3 Nc5 22. Qd1 Ne4 23. Be5 f6 24. Bd4 c5 25. Bb2 Rfd8 26. f3 Ng3 27. Re1 h5 28. Kh2 h4 29. f4 f5 30. Qf3 g6 31. Bf6 Rd7 32. Bxh4 Ne4 33. Rbd1 Nc3 34. Rd2 Nxa2 35. Qg3 Kh7 36. Bf6 Rg7 37. Qh4+ Kg8 38. Bxg7 Kxg7 39. Qe7+ Kh6 40. Ra1 Qb4 41. Rxa2 Qxd2 42. Qg5+ Kh7 43. Rxa7+ Kh8 44. Qh6+ 1-0

[Event "CRO-chT2 (Women)"]
[Site "Nasice"]
[Date "2009.08.27"]
[Round "2"]
[White "Neferanovic, Irena"]
[Black "Sulc, Gordana"]
[Result "0-1"]
[WhiteElo "1686"]
[BlackElo "1898"]
[PlyCount "66"]
[EventDate "2009.08.27"]
[EventType "team-tourn"]
[EventRounds "7"]
[EventCountry "CRO"]
[SourceTitle "EXT 2010"]
[Source "ChessBase"]
[SourceDate "2010.11.25"]
[SourceVersion "1"]
[SourceVersionDate "2010.11.25"]
[SourceQuality "1"]

1. d4 Nf6 2. Bf4 e6 3. e3 c5 4. Nf3 Qb6 5. b3 Ne4 6. Bd3 Qb4+ 7. Nbd2 Nxd2 8. Qxd2 Qxd2+ 9. Nxd2 cxd4 10. exd4 Bb4 11. Rd1 Nc6 12. Be3 Bc3 13. d5 exd5 14. 0-0 0-0 15. Nf3 d6 16. Bf4 Rd8 17. Ng5 h6 18. Bh7+ Kf8 19. Nf3 Be6 20. Nd2 Ne5 21. Nb1 Ba5 22. c3 g5 23. Bg3 f5 24. f4 Bb6+ 25. Kh1 Ng4 26. Rd3 Kg7 27. Re1 gxf4 28. Rxe6 fxg3 29. Rxg3 Kxh7 30. h3 Nf2+ 31. Kh2 Rd7 32. Nd2 Rg7 33. Rf3 Rag8 0-1

[Event "Bosnjaci op 14th"]
[Site "Bosnjaci"]
[Date "2009.01.04"]
[Round "3"]
[White "Tolic, Mato"]
[Black "Neferanovic, Irena"]
[Result "1-0"]
[WhiteElo "2040"]
[BlackElo "1697"]
[PlyCount "57"]
[EventDate "2009.01.03"]
[EventType "swiss"]
[EventRounds "9"]
[EventCountry "CRO"]
[SourceTitle "CBM 128 Extra"]
[Source "ChessBase"]
[SourceDate "2009.03.05"]
[SourceVersion "2"]
[SourceVersionDate "2009.03.25"]
[SourceQuality "1"]

1. e4 e5 2. Nf3 Nc6 3. d4 exd4 4. Nxd4 Nf6 5. Nc3 Bb4 6. f3 d6 7. Be3 Ne5 8. Qd2 d5 9. Bf4 Ng6 10. e5 Qe7 11. 0-0-0 Nxf4 12. exf6 Qxf6 13. Qe3+ Be7 14. g3 Ng6 15. Nxd5 Qd6 16. Nb5 Qc6 17. Nbxc7+ Kf8 18. Bb5 Qd6 19. Nxa8 a6 20. Rhe1 Be6 21. Nxe7 Qxe7 22. Qb6 Qg5+ 23. f4 Qxb5 24. Rd8+ Ke7 25. Qd6+ Kf6 26. Rxh8 Nxh8 27. Qd8+ Kg6 28. Nc7 Qb4 29. Qg5# 1-0

[Event "Valpovo op (Women)"]
[Site "Valpovo"]
[Date "2008.12.05"]
[Round "2"]
[White "Purgar, Ivona"]
[Black "Neferanovic, Irena"]
[Result "1-0"]
[WhiteElo "2070"]
[BlackElo "1692"]
[PlyCount "61"]
[EventDate "2008.12.05"]
[EventType "swiss (rapid)"]
[EventRounds "7"]
[EventCountry "CRO"]
[SourceTitle "EXT 2010"]
[Source "ChessBase"]
[SourceDate "2010.11.25"]
[SourceVersion "1"]
[SourceVersionDate "2010.11.25"]
[SourceQuality "1"]

1. e4 e5 2. Nf3 Nc6 3. Bb5 Bc5 4. c3 d6 5. 0-0 a6 6. Ba4 b5 7. Bc2 Nf6 8. d4 exd4 9. cxd4 Bb6 10. h3 0-0 11. Bg5 h6 12. Bh4 Re8 13. Nc3 Qe7 14. Nd5 Qd8 15. Nxf6+ gxf6 16. Qd2 Kg7 17. a3 Qd7 18. Rfe1 Bb7 19. Qf4 Qe7 20. e5 dxe5 21. dxe5 Bxf2+ 22. Bxf2 fxe5 23. Qf5 f6 24. Qg6+ Kf8 25. Qxh6+ Qg7 26. Qxg7+ Kxg7 27. Be4 Rad8 28. Rac1 Rd6 29. Nh4 Kf7 30. Nf5 Rde6 31. Bd5 1-0

[Event "Treber Memorial 5th"]
[Site "Vinkovci"]
[Date "2008.09.08"]
[Round "6"]
[White "Neferanovic, Irena"]
[Black "Hamzic, Adil"]
[Result "0-1"]
[WhiteElo "1700"]
[BlackElo "1874"]
[PlyCount "80"]
[EventDate "2008.09.05"]
[EventType "swiss"]
[EventRounds "9"]
[EventCountry "CRO"]
[SourceTitle "CBM 126 Extra"]
[Source "ChessBase"]
[SourceDate "2008.11.05"]
[SourceVersion "1"]
[SourceVersionDate "2008.11.05"]
[SourceQuality "1"]

1. e4 c5 2. Nf3 d6 3. c3 Nf6 4. d3 b6 5. g3 Bb7 6. Bg2 Nbd7 7. 0-0 e6 8. b4 c4 9. Re1 Qc7 10. Na3 cxd3 11. Qxd3 a6 12. Bb2 Be7 13. Nc4 e5 14. Rad1 d5 15. exd5 Bxd5 16. Nfxe5 Nxe5 17. Nxe5 Bxg2 18. Kxg2 0-0 19. Nf3 b5 20. Nd4 Rfd8 21. Qe3 Bf8 22. a3 Rd7 23. Nf5 Rxd1 24. Rxd1 Re8 25. Qd4 Qb7+ 26. Kg1 Qf3 27. Nh4 Qe2 28. Qd2 Qe6 29. Nf3 Qg4 30. Nd4 h5 31. Bc1 h4 32. Qg5 Qxd1+ 33. Kg2 h3+ 34. Kxh3 Qf1+ 35. Kh4 Qg2 36. h3 Qxf2 37. Nf5 Re4+ 38. Bf4 Rxf4+ 39. Qxf4 Qxf4+ 40. gxf4 Nd5 0-1

[Event "Treber Memorial 5th"]
[Site "Vinkovci"]
[Date "2008.09.07"]
[Round "4"]
[White "Neferanovic, Irena"]
[Black "Grgurevic, Marinko"]
[Result "0-1"]
[WhiteElo "1700"]
[BlackElo "2030"]
[PlyCount "74"]
[EventDate "2008.09.05"]
[EventType "swiss"]
[EventRounds "9"]
[EventCountry "CRO"]
[SourceTitle "CBM 126 Extra"]
[Source "ChessBase"]
[SourceDate "2008.11.05"]
[SourceVersion "1"]
[SourceVersionDate "2008.11.05"]
[SourceQuality "1"]

1. e4 c5 2. Nf3 Nf6 3. Nc3 d6 4. d4 cxd4 5. Nxd4 Nc6 6. Bc4 g6 7. 0-0 Bg7 8. Nf3 0-0 9. Re1 Bg4 10. h3 Bxf3 11. Qxf3 Ne5 12. Qe2 Nxc4 13. Qxc4 Rc8 14. Qd3 Nd7 15. Be3 a6 16. Bd4 Bxd4 17. Qxd4 Qb6 18. Qa4 Nc5 19. Qa3 e6 20. Rad1 Rfd8 21. Rd2 Rc6 22. Na4 Nxa4 23. Qxa4 Qxb2 24. Qb3 Qxb3 25. cxb3 Kf8 26. f4 Rdc8 27. Kf2 Rc2 28. Ree2 Rxd2 29. Rxd2 Ke7 30. g4 Rc3 31. Kg2 Re3 32. e5 dxe5 33. fxe5 Rxe5 34. Rc2 Kd7 35. Kf3 h5 36. Kf4 f6 37. Rd2+ Rd5 0-1

[Event "Treber Memorial 5th"]
[Site "Vinkovci"]
[Date "2008.09.06"]
[Round "2"]
[White "Rubil, Marko"]
[Black "Neferanovic, Irena"]
[Result "1-0"]
[WhiteElo "1990"]
[BlackElo "1700"]
[PlyCount "55"]
[EventDate "2008.09.05"]
[EventType "swiss"]
[EventRounds "9"]
[EventCountry "CRO"]
[SourceTitle "CBM 126 Extra"]
[Source "ChessBase"]
[SourceDate "2008.11.05"]
[SourceVersion "1"]
[SourceVersionDate "2008.11.05"]
[SourceQuality "1"]

1. e4 e5 2. Nf3 Nc6 3. Bb5 a6 4. Ba4 b5 5. Bb3 Nf6 6. 0-0 Bc5 7. Nxe5 Nxe5 8. d4 Bb6 9. dxe5 Nxe4 10. Qd5 0-0 11. Qxe4 c6 12. Be3 Bc7 13. Nd2 d5 14. exd6 Qxd6 15. Nf3 Bb7 16. Rad1 Qf6 17. Bd4 Qh6 18. Qf5 Bc8 19. Qe4 Bb7 20. Bc5 Rfd8 21. Qe7 Qf4 22. Be3 Re8 23. Qd7 Qe4 24. Qxc7 Re7 25. Rd8+ Rxd8 26. Qxd8+ Re8 27. Qc7 Bc8 28. Bxf7+ 1-0

[Event "Bosnjaci op 13th"]
[Site "Bosnjaci"]
[Date "2008.01.07"]
[Round "7"]
[White "Bekcic, Martin"]
[Black "Neferanovic, Irena"]
[Result "1-0"]
[WhiteElo "2013"]
[BlackElo "1691"]
[PlyCount "99"]
[EventDate "2008.01.03"]
[EventType "swiss"]
[EventRounds "9"]
[EventCountry "CRO"]
[SourceTitle "CBM 122 Extra"]
[Source "ChessBase"]
[SourceDate "2008.03.04"]
[SourceVersion "1"]
[SourceVersionDate "2008.03.04"]
[SourceQuality "1"]

1. d4 d5 2. Bf4 Bf5 3. e3 e6 4. Bd3 Bg6 5. Nf3 Bd6 6. Bxd6 cxd6 7. 0-0 Nf6 8. c4 0-0 9. Bxg6 hxg6 10. Nbd2 Nc6 11. Rc1 Rc8 12. a3 dxc4 13. Nxc4 d5 14. Ncd2 Na5 15. Ne5 Nc6 16. Nxc6 bxc6 17. Rc3 Nd7 18. Qc2 Qb6 19. Rc1 Nb8 20. Nf3 Rc7 21. Ne5 Rfc8 22. h3 Rb7 23. b3 a5 24. Rb1 g5 25. b4 Rbc7 26. Nd3 Nd7 27. Rcb3 a4 28. Rc3 Qa6 29. Nc5 Nxc5 30. Rxc5 Ra8 31. Ra5 Qb7 32. Qxa4 Rxa5 33. Qxa5 Qa7 34. Qxa7 Rxa7 35. Rb3 Kf8 36. Kf1 Ke7 37. Ke2 Kd6 38. Kd3 f5 39. Rc3 Kc7 40. Kc2 Kb6 41. Kb3 g6 42. a4 f4 43. a5+ Kb7 44. Ka4 Ra8 45. b5 cxb5+ 46. Kxb5 Rb8 47. Rc6 Ka7+ 48. Rb6 Rxb6+ 49. axb6+ Kb7 50. Kc5 1-0

[Event "Bosnjaci op 13th"]
[Site "Bosnjaci"]
[Date "2008.01.06"]
[Round "6"]
[White "Neferanovic, Irena"]
[Black "Matozan, Zvonko"]
[Result "1/2-1/2"]
[WhiteElo "1691"]
[BlackElo "2050"]
[PlyCount "68"]
[EventDate "2008.01.03"]
[EventType "swiss"]
[EventRounds "9"]
[EventCountry "CRO"]
[SourceTitle "CBM 122 Extra"]
[Source "ChessBase"]
[SourceDate "2008.03.04"]
[SourceVersion "1"]
[SourceVersionDate "2008.03.04"]
[SourceQuality "1"]

1. e4 g6 2. Bc4 Bg7 3. Nf3 d6 4. d4 Nf6 5. Nc3 0-0 6. 0-0 Nc6 7. Be3 Bg4 8. h3 Bd7 9. Qd2 a6 10. a3 e6 11. Rad1 Qe8 12. e5 dxe5 13. dxe5 Nd5 14. Nxd5 exd5 15. Bxd5 Nxe5 16. Nxe5 Bxe5 17. Bxb7 Rd8 18. Bxa6 Qe6 19. Bd3 Bxb2 20. Bc5 Rfe8 21. c3 Qb3 22. Bd4 Bxa3 23. Rb1 Qd5 24. Rfe1 Bf5 25. Rb5 Rxe1+ 26. Qxe1 Qe6 27. Qxe6 Bxe6 28. Rb7 c5 29. Bf6 Rc8 30. c4 Bc1 31. g4 Bh6 32. Kf1 Bg7 33. Bxg7 Kxg7 34. f4 Bf5 1/2-1/2

[Event "Bosnjaci op 13th"]
[Site "Bosnjaci"]
[Date "2008.01.04"]
[Round "2"]
[White "Baturina, Andrija"]
[Black "Neferanovic, Irena"]
[Result "1/2-1/2"]
[WhiteElo "2013"]
[BlackElo "1691"]
[PlyCount "65"]
[EventDate "2008.01.03"]
[EventType "swiss"]
[EventRounds "9"]
[EventCountry "CRO"]
[SourceTitle "CBM 122 Extra"]
[Source "ChessBase"]
[SourceDate "2008.03.04"]
[SourceVersion "1"]
[SourceVersionDate "2008.03.04"]
[SourceQuality "1"]

1. e4 e5 2. Nc3 Bc5 3. Nf3 Nc6 4. g3 Nf6 5. Bg2 d6 6. 0-0 0-0 7. d3 Be6 8. h3 h6 9. Be3 Bb6 10. d4 exd4 11. Nxd4 Qd7 12. Kh2 Rae8 13. Qd2 Kh7 14. f4 Qe7 15. Nxc6 bxc6 16. Bxb6 axb6 17. e5 dxe5 18. fxe5 Nd5 19. Nxd5 Bxd5 20. Bxd5 cxd5 21. Qxd5 Qxe5 22. Qxe5 Rxe5 23. Rae1 Rd5 24. Rd1 Re5 25. Kg2 Kg6 26. Rd7 Re2+ 27. Rf2 Rxf2+ 28. Kxf2 Rc8 29. Ke3 Kf6 30. Kd3 Ke6 31. Rd4 f5 32. Kc4 c6 33. a4 1/2-1/2

[Event "Bosnjaci op 13th"]
[Site "Bosnjaci"]
[Date "2008.01.03"]
[Round "1"]
[White "Neferanovic, Irena"]
[Black "Zavacki, Ivan"]
[Result "0-1"]
[WhiteElo "1691"]
[BlackElo "2152"]
[PlyCount "48"]
[EventDate "2008.01.03"]
[EventType "swiss"]
[EventRounds "9"]
[EventCountry "CRO"]
[SourceTitle "CBM 122 Extra"]
[Source "ChessBase"]
[SourceDate "2008.03.04"]
[SourceVersion "1"]
[SourceVersionDate "2008.03.04"]
[SourceQuality "1"]

1. e4 c5 2. Nf3 e6 3. d4 cxd4 4. Nxd4 Nc6 5. Nc3 Nf6 6. g3 d5 7. exd5 Nxd5 8. Bg2 Bb4 9. Nde2 0-0 10. Bd2 Nxc3 11. Nxc3 Qb6 12. 0-0 Rd8 13. Qe1 Bd7 14. a3 Be7 15. b4 Bf6 16. Rb1 Nd4 17. Rc1 Bc6 18. Ne4 Bxe4 19. Bxe4 Qa6 20. Bd3 Nf3+ 21. Kh1 Rxd3 22. Qe2 Rxa3 23. b5 Qa4 24. Be3 Qe4 0-1

[Event "CRO-ch U17 Girls"]
[Site "Bjelolasica"]
[Date "2007.08.01"]
[Round "4"]
[White "Neferanovic, Irena"]
[Black "Purgar, Ivona"]
[Result "0-1"]
[WhiteElo "1748"]
[BlackElo "1944"]
[PlyCount "62"]
[EventDate "2007.07.30"]
[EventType "tourn"]
[EventRounds "9"]
[EventCountry "CRO"]
[SourceTitle "CBM 119 Extra"]
[Source "ChessBase"]
[SourceDate "2007.09.04"]
[SourceVersion "1"]
[SourceVersionDate "2007.09.04"]
[SourceQuality "1"]

1. d4 d5 2. Bf4 Nf6 3. Nc3 c6 4. e3 e6 5. Bd3 Bd6 6. Bg3 Qc7 7. Nge2 0-0 8. 0-0 e5 9. dxe5 Bxe5 10. Bxe5 Qxe5 11. b4 Nbd7 12. a3 b6 13. Na2 c5 14. c4 Bb7 15. Qd2 dxc4 16. Bc2 cxb4 17. axb4 Rfd8 18. Qc3 Qg5 19. Ng3 Rac8 20. Rfd1 Nd5 21. Qb2 h5 22. Ne4 Qe7 23. Nac3 Nxc3 24. Nxc3 a6 25. Rd4 Ne5 26. Rad1 Rxd4 27. Rxd4 Qg5 28. Bh7+ Kxh7 29. f4 Nf3+ 30. Kh1 Qg4 31. h3 Qg3 0-1

[Event "CRO-chT U20 16th"]
[Site "Sv Filip i Jakov"]
[Date "2007.04.15"]
[Round "11"]
[White "Neferanovic, Irena"]
[Black "Husajina, Nikola"]
[Result "1-0"]
[WhiteElo "1732"]
[BlackElo "1824"]
[PlyCount "53"]
[EventDate "2007.04.10"]
[EventType "team-tourn"]
[EventRounds "11"]
[EventCountry "CRO"]
[SourceTitle "EXT 2010"]
[Source "ChessBase"]
[SourceDate "2010.11.25"]
[SourceVersion "1"]
[SourceVersionDate "2010.11.25"]
[SourceQuality "1"]

1. e4 c5 2. Nf3 d6 3. d4 cxd4 4. Nxd4 Nf6 5. Nc3 e6 6. Bc4 Nc6 7. Bb3 Be7 8. 0-0 0-0 9. Bg5 a6 10. Re1 Qc7 11. Qd2 b5 12. a3 Bb7 13. Rad1 Rfd8 14. h3 Rac8 15. Nxe6 fxe6 16. Bxe6+ Kh8 17. Bxc8 Qxc8 18. Nd5 Qe6 19. Nxe7 Nxe7 20. e5 Ne4 21. exd6 Rxd6 22. Qxd6 Qxd6 23. Rxd6 Nxd6 24. Bxe7 Ne4 25. f3 Nf6 26. Bxf6 gxf6 27. Re8+ 1-0

[Event "CRO-chT U20 16th"]
[Site "Sv Filip i Jakov"]
[Date "2007.04.13"]
[Round "7"]
[White "Neferanovic, Irena"]
[Black "Ramesa, Davor"]
[Result "0-1"]
[WhiteElo "1732"]
[BlackElo "2265"]
[PlyCount "72"]
[EventDate "2007.04.10"]
[EventType "team-tourn"]
[EventRounds "11"]
[EventCountry "CRO"]
[SourceTitle "EXT 2010"]
[Source "ChessBase"]
[SourceDate "2010.11.25"]
[SourceVersion "1"]
[SourceVersionDate "2010.11.25"]
[SourceQuality "1"]

1. e4 c5 2. Nf3 e6 3. d4 cxd4 4. Nxd4 Nc6 5. Nc3 Qc7 6. Bc4 Nf6 7. a3 Nxd4 8. Qxd4 Bc5 9. Qd2 Bxf2+ 10. Kxf2 Qxc4 11. Re1 0-0 12. Qd3 Qc5+ 13. Be3 Qh5 14. Kg1 d5 15. Bc5 Re8 16. e5 Ng4 17. Qg3 b6 18. Bd6 Ba6 19. Rad1 Nh6 20. Qf4 Rec8 21. Qa4 Bb7 22. Qf4 Qg6 23. Rd2 Rc4 24. Qf2 Rac8 25. Ree2 Nf5 26. Nb5 a6 27. Nc7 d4 28. b3 R4xc7 29. Bxc7 Rxc7 30. c4 h5 31. Rd3 b5 32. Rc2 Ne3 33. Rcd2 bxc4 34. bxc4 Rxc4 35. h3 Rc1+ 36. Kh2 Nf1+ 0-1

[Event "CRO-chT U20 16th"]
[Site "Sv Filip i Jakov"]
[Date "2007.04.12"]
[Round "6"]
[White "Ivekovic, Josip"]
[Black "Neferanovic, Irena"]
[Result "1-0"]
[WhiteElo "2032"]
[BlackElo "1732"]
[PlyCount "113"]
[EventDate "2007.04.10"]
[EventType "team-tourn"]
[EventRounds "11"]
[EventCountry "CRO"]
[SourceTitle "EXT 2010"]
[Source "ChessBase"]
[SourceDate "2010.11.25"]
[SourceVersion "1"]
[SourceVersionDate "2010.11.25"]
[SourceQuality "1"]

1. d4 d5 2. Bf4 Nf6 3. e3 Bf5 4. Nf3 e6 5. c4 c6 6. Nc3 Bd6 7. Ne5 0-0 8. c5 Bc7 9. Be2 Nbd7 10. Nxd7 Qxd7 11. Bg5 Qe7 12. 0-0 h6 13. Bh4 e5 14. b4 exd4 15. exd4 Bxh2+ 16. Kxh2 Ng4+ 17. Bxg4 Qxh4+ 18. Bh3 Rfe8 19. g4 Be4 20. Qd2 f5 21. Qf4 g5 22. Qg3 Qxg3+ 23. fxg3 fxg4 24. Bxg4 Bd3 25. Rfe1 Rf8 26. Re3 Bc4 27. Kg2 Rae8 28. Rae1 Rxe3 29. Rxe3 Rf1 30. Be2 Bxe2 31. Nxe2 Rb1 32. a3 Kf7 33. Kh3 Kf6 34. Kg4 Re1 35. Rf3+ Kg6 36. Re3 Kf6 37. Kf3 Rd1 38. Kf2 Ra1 39. Re8 Rxa3 40. Rb8 a5 41. bxa5 Rxa5 42. Rxb7 Ra8 43. Rc7 Ra6 44. Rd7 Kf5 45. Rd6 h5 46. Rh6 Kg4 47. Re6 h4 48. gxh4 Kxh4 49. Kf3 Ra3+ 50. Re3 g4+ 51. Kf4 Rxe3 52. Kxe3 g3 53. Kf3 g2 54. Kxg2 Kg4 55. Kf2 Kg5 56. Kf3 Kf5 57. Nf4 1-0

[Event "CRO-chT U20 15th"]
[Site "Sv Filip i Jakov"]
[Date "2006.04.19"]
[Round "3"]
[White "Karabaic, Ivan"]
[Black "Neferanovic, Irena"]
[Result "1-0"]
[WhiteElo "2124"]
[BlackElo "1913"]
[PlyCount "37"]
[EventDate "2006.04.18"]
[EventType "team-tourn"]
[EventRounds "9"]
[EventCountry "CRO"]
[SourceTitle "CBM 111 Extra"]
[Source "ChessBase"]
[SourceDate "2006.05.09"]
[SourceVersion "1"]
[SourceVersionDate "2006.05.09"]
[SourceQuality "1"]

1. e4 e5 2. Nf3 Nc6 3. Bb5 Bc5 4. c3 a6 5. Ba4 b5 6. Bb3 Nf6 7. 0-0 0-0 8. d4 exd4 9. cxd4 Bb6 10. e5 Ne4 11. Bd5 Nxf2 12. Rxf2 Bb7 13. Be3 Re8 14. Bxf7+ Kxf7 15. Ng5+ Kg8 16. Qh5 h6 17. Qf7+ Kh8 18. Qg6 hxg5 19. Rf7 1-0

[Event "Bosnjaci op (Women)"]
[Site "Bosnjaci"]
[Date "2006.01.07"]
[Round "8"]
[White "Franciskovic, Borka"]
[Black "Neferanovic, Irena"]
[Result "1-0"]
[WhiteElo "2123"]
[BlackElo "1752"]
[PlyCount "83"]
[EventDate "2006.01.03"]
[EventType "swiss"]
[EventRounds "9"]
[EventCountry "CRO"]
[SourceTitle "CBM 110 Extra"]
[Source "ChessBase"]
[SourceDate "2006.03.10"]
[SourceVersion "2"]
[SourceVersionDate "2006.03.10"]
[SourceQuality "1"]

1. c4 c5 2. Nf3 Nc6 3. Nc3 g6 4. g3 Bg7 5. Bg2 e6 6. 0-0 Nge7 7. d3 0-0 8. Bf4 d5 9. Rb1 b6 10. Qc1 Bb7 11. a3 d4 12. Ne4 e5 13. Bh6 Nf5 14. Bxg7 Kxg7 15. b4 cxb4 16. axb4 Qe7 17. Qb2 f6 18. Rfc1 Rfc8 19. Qb3 Rab8 20. Qa4 a6 21. h3 h5 22. Ne1 Na7 23. b5 a5 24. c5 Bxe4 25. dxe4 Nh6 26. c6 Rc7 27. Qb3 Rd8 28. e3 dxe3 29. Qxe3 Nc8 30. Rd1 Nf7 31. Rd5 Kf8 32. Rbd1 Ke8 33. h4 Qb4 34. Bf1 Qe7 35. Bh3 Rxd5 36. Rxd5 Nfd6 37. Nd3 Nxb5 38. Bd7+ Kf8 39. Rxb5 Qa3 40. Qh6+ Ke7 41. Qg7+ Kd8 42. Qxf6+ 1-0